| 000 | 004740000a22001090004500 | ||
|---|---|---|---|
| 100 | 1 | _aPorter, Stanley E. | |
| 245 | 1 | 0 | _aDictionary of Jesus and the Gospels. Edited by Joel B. Green, Scot McKnight, I. Howard Marshall |
| 300 | _aVol. LXVI, No. 1 (January, 1994), Páginas 71-73 | ||
| 500 | _aDowners Grove, IL; Leicester : InterVarsity press, 1992, pp. xxvi+934 ISBN 0-8308-1777-8/0-85110-646-3 | ||
| 773 | 0 | _tThe evangelical quarlerly : An international revie | |
| 942 | _cANA | ||
| 999 |
_c59697 _d59697 |
||